Top 30 Città più popolose non Capoluogo Sud Italia ed Isole - Statistics

Statistiche generali
  • Questo quiz è stato fatto 159 volte
  • Il punteggio medio è 13 su 30
Statistiche sulle risposte
Popolazione Provincia Città % Corretto
123 687 Campania Giugliano in Campania
84%
71 263 Sicilia Gela
72%
79 944 Sicilia Marsala
70%
80 633 Campania Torre del Greco
63%
69 913 Puglia Altamura
62%
76 453 Campania Pozzuoli
59%
68 322 Sardegna Quartu Sant'Elena
59%
74 125 Calabria Corigliano-Rossano
58%
63 161 Campania Castellammare di Stabia
55%
60 385 Sardegna Olbia
55%
66 898 Calabria Lamezia Terme
49%
61 881 Campania Afragola
48%
74 052 Campania Casoria
47%
57 080 Puglia Cerignola
43%
58 152 Campania Acerra
39%
53 677 Campania Ercolano
39%
62 717 Sicilia Vittoria
36%
54 433 Puglia Manfredonia
35%
57 587 Puglia Molfetta
34%
50 220 Sicilia Acireale
32%
54 214 Puglia Bisceglie
32%
52 584 Sicilia Bagheria
31%
53 585 Puglia Bitonto
31%
54 830 Campania Aversa
30%
53 309 Sicilia Modica
29%
54 268 Abruzzo Montesilvano
29%
55 765 Campania Portici
29%
50 464 Campania Battipaglia
21%
55 885 Campania Cava de' Tirreni
18%
57 514 Campania Marano di Napoli
13%
Nessun quiz corrispondente trovato
Distribuzione punteggi
Percentuale di utenti per punteggio
Percentile per numero di risposta
I tuoi punteggi nel tempo
Non hai fatto questo quiz